000 00508nam a2200157Ia 4500
999 _c20551
_d20551
003 OSt
005 20200611100508.0
008 190216s9999||||xx |||||||||||||| ||und||
040 _coclc
082 _a294.5922046
_bRAM/B
100 _aRaman, Varadaraja V
_92768
245 0 _aBalakanda Ramayana As Literature And Cultural History /
_cVaradaraja V Raman
260 _bPopular Prakashan,
_c1998.
_aMumbai:
300 _a350p
942 _cBK
_2ddc
_h294.5922046
_iRAM/B
_k294.5922046
_mRAM/B